00497nam a2200205Ia 4500008004100000020001500041041001200056082000800068082001100076100001800087100001100105245004600116260001300162260002100175260000900196300001500205365002500220650003100245650001500276150901s9999 xx 000 0 und d a8124201692 aEnglish a658 bARM/AR aArmstrong M  eAuthor aArt of HRD: Human resource management V.2 aNewdelhi bCrest publishing c1999 a232 Pages aRs.77  aHuman resource development aManagement